<?xml version="1.0" encoding="UTF-8"?><?xml-stylesheet type="text/xsl" href="static/style.xsl"?><OAI-PMH xmlns="http://www.openarchives.org/OAI/2.0/" xmlns:xsi="http://www.w3.org/2001/XMLSchema-instance" xsi:schemaLocation="http://www.openarchives.org/OAI/2.0/ http://www.openarchives.org/OAI/2.0/OAI-PMH.xsd"><responseDate>2026-04-17T03:06:41Z</responseDate><request verb="GetRecord" identifier="oai:www.recercat.cat:2445/183130" metadataPrefix="marc">https://recercat.cat/oai/request</request><GetRecord><record><header><identifier>oai:recercat.cat:2445/183130</identifier><datestamp>2025-11-19T21:57:37Z</datestamp><setSpec>com_2072_1057</setSpec><setSpec>col_2072_478917</setSpec></header><metadata><record xmlns="http://www.loc.gov/MARC21/slim" xmlns:dcterms="http://purl.org/dc/terms/" xmlns:xsi="http://www.w3.org/2001/XMLSchema-instance" xmlns:doc="http://www.lyncode.com/xoai" xsi:schemaLocation="http://www.loc.gov/MARC21/slim http://www.loc.gov/standards/marcxml/schema/MARC21slim.xsd">
   <leader>00925njm 22002777a 4500</leader>
   <datafield ind2=" " ind1=" " tag="042">
      <subfield code="a">dc</subfield>
   </datafield>
   <datafield ind2=" " ind1=" " tag="720">
      <subfield code="a">Angwenyi, Vibian</subfield>
      <subfield code="e">author</subfield>
   </datafield>
   <datafield ind2=" " ind1=" " tag="720">
      <subfield code="a">Bunders-Aelen, Joske</subfield>
      <subfield code="e">author</subfield>
   </datafield>
   <datafield ind2=" " ind1=" " tag="720">
      <subfield code="a">Criel, Bart</subfield>
      <subfield code="e">author</subfield>
   </datafield>
   <datafield ind2=" " ind1=" " tag="720">
      <subfield code="a">Lazarus, Jeffrey V.</subfield>
      <subfield code="e">author</subfield>
   </datafield>
   <datafield ind2=" " ind1=" " tag="720">
      <subfield code="a">Aantjes, Carolien</subfield>
      <subfield code="e">author</subfield>
   </datafield>
   <datafield ind2=" " ind1=" " tag="260">
      <subfield code="c">2022-02-14T07:48:21Z</subfield>
   </datafield>
   <datafield ind2=" " ind1=" " tag="260">
      <subfield code="c">2022-02-14T07:48:21Z</subfield>
   </datafield>
   <datafield ind2=" " ind1=" " tag="260">
      <subfield code="c">2021</subfield>
   </datafield>
   <datafield ind2=" " ind1=" " tag="260">
      <subfield code="c">2022-02-11T19:00:46Z</subfield>
   </datafield>
   <datafield ind2=" " ind1=" " tag="520">
      <subfield code="a">"This paper investigates the impact of community&#xd;
                home-based care (CHBC) on self-management outcomes for&#xd;
                chronically ill patients in rural Malawi. A pre- and&#xd;
                post-evaluation survey was administered among 140 chronically&#xd;
                ill patients with HIV and non-communicable diseases, newly&#xd;
                enrolled in four CHBC programmes. We translated, adapted and&#xd;
                administered scales from the Stanford Chronic Disease&#xd;
                Self-Management Programme to evaluate patient's self-management&#xd;
                outcomes (health status and self-efficacy), at four time points&#xd;
                over a 12-month period, between April 2016 and May 2017. The&#xd;
                patient's drop-out rate was approximately 8%. Data analysis&#xd;
                included descriptive statistics, tests of associations,&#xd;
                correlations and pairwise comparison of outcome variables&#xd;
                between time points, and multivariate regression analysis to&#xd;
                explore factors associated with changes in self-efficacy&#xd;
                following CHBC interventions. The results indicate a reduction&#xd;
                in patient-reported pain, fatigue and illness intrusiveness,&#xd;
                while improvements in general health status and quality of life&#xd;
                were not statistically significant. At baseline, the&#xd;
                self-efficacy mean was 5.91, which dropped to 5.1 after&#xd;
                12\xC2\xA0months. Factors associated with this change included&#xd;
                marital status, education, employment and were&#xd;
                condition-related; whereby self-efficacy for non-HIV and&#xd;
                multimorbid patients was much lower. The odds for self-efficacy&#xd;
                improvement were lower for patients with diagnosed conditions of&#xd;
                longer duration. CHBC programme support, regularity of contact&#xd;
                and proximal location to other services influenced&#xd;
                self-efficacy. Programmes maintaining regular home visits had&#xd;
                higher patient satisfaction levels. Our findings suggest that&#xd;
                there were differential changes in self-management outcomes&#xd;
                following CHBC interventions. While self-management support&#xd;
                through CHBC programmes was evident, CHBC providers require&#xd;
                continuous training, supervision and sustainable funding to&#xd;
                strengthen their contribution. Furthermore, sociodemographic and&#xd;
                condition-related factors should inform the design of future&#xd;
                interventions to optimise outcomes. This study provides a&#xd;
                systematic evaluation of self-management outcomes for a&#xd;
                heterogeneous chronically ill patient population and highlights&#xd;
                the potential and relevant contribution of CHBC programmes in&#xd;
                improving chronic care within sub-Saharan Africa."</subfield>
   </datafield>
   <datafield tag="653" ind2=" " ind1=" ">
      <subfield code="a">Atenció domiciliària</subfield>
   </datafield>
   <datafield tag="653" ind2=" " ind1=" ">
      <subfield code="a">Malalties cròniques</subfield>
   </datafield>
   <datafield tag="653" ind2=" " ind1=" ">
      <subfield code="a">Home care services</subfield>
   </datafield>
   <datafield tag="653" ind2=" " ind1=" ">
      <subfield code="a">Chronic diseases</subfield>
   </datafield>
   <datafield ind2="0" ind1="0" tag="245">
      <subfield code="a">An evaluation of self-management outcomes among chronic care&#xd;
                patients in community home-based care programmes in rural&#xd;
                Malawi: A 12-month follow-up study.</subfield>
   </datafield>
</record></metadata></record></GetRecord></OAI-PMH>